Catálogo público

Una semana en la zona / (Record no. 198598)

MARC details
000 -CABECERA
campo de control de longitud fija 00724nam a2200277Ia 4500
001 - NÚMERO DE CONTROL
campo de control Para_9762
003 - IDENTIFICADOR DEL NÚMERO DE CONTROL
campo de control CHAP
008 - DATOS DE LONGITUD FIJA--INFORMACIÓN GENERAL
campo de control de longitud fija 220125s2003 xx 000 0 und d
010 ## - NÚMERO DE CONTROL DE LA BIBLIOTECA DEL CONGRESO
Número de control de LC 198598
020 ## - NÚMERO INTERNACIONAL ESTÁNDAR DEL LIBRO
Número Internacional Estándar del Libro 978-607-7835-07-3
040 ## - FUENTE DE LA CATALOGACIÓN
Centro/agencia transcriptor CHAP
082 ## - NÚMERO DE LA CLASIFICACIÓN DECIMAL DEWEY
Número de clasificación PA 613.25 S43
100 ## - ENTRADA PRINCIPAL--NOMBRE DE PERSONA
Nombre de persona Sears, Barry
9 (RLIN) 163859
245 ## - MENCIÓN DE TÍTULO
Título Una semana en la zona /
Mención de responsabilidad, etc. Barry Sears
260 ## - PUBLICACIÓN, DISTRIBUCIÓN, ETC.
Lugar de publicación, distribución, etc. México :
Nombre del editor, distribuidor, etc. Urano
300 ## - DESCRIPCIÓN FÍSICA
Extensión 168 p.
500 ## - NOTA GENERAL
Nota general Titulo original: A week in the zone
650 ## - PUNTO DE ACCESO ADICIONAL DE MATERIA--TÉRMINO DE MATERIA
Término de materia o nombre geográfico como elemento de entrada Dietas de reducción
Subdivisión general Nutrición
9 (RLIN) 163860
901 ## - ELEMENTOS DE DATOS A LOCAL LDA (RLIN)
a PA 613.25 S43
902 ## - ELEMENTOS DE DATOS B LOCAL, LDB (RLIN)
a M
905 ## - ELEMENTOS DE DATOS E LOCAL, LDE (RLIN)
a 5232202003 7000000000 06
910 ## - DATOS DE OPCIÓN DEL USUARIO (OCLC)
Datos de opción del usuario 2003
942 ## - ELEMENTOS DE PUNTO DE ACCESO ADICIONAL (KOHA)
Tipo de ítem Koha Parasitologia_
942 ## - ELEMENTOS DE PUNTO DE ACCESO ADICIONAL (KOHA)
Tipo de ítem Koha Parasitologia_
-- 1
Holdings
Estado de retiro Estado de pérdida Fuente del sistema de clasificación o colocación Estado dañado No para préstamo Código de colección Localización permanente Ubicación/localización actual Ubicación en estantería Fecha de adquisición Información codificada de la localización en otra ubicación Total de préstamos Código de barras Fecha visto por última vez Número de copia Precio válido a partir de Tipo de ítem Koha Nota pública
    Dewey Decimal Classification     General Parasitologia Agricola Parasitologia Agricola   08/12/2011 PARA   PA_09823 25/01/2022 1 25/01/2022 Libro 3